Every city in Namibia - Statistics

General Stats
  • This quiz has been taken 8 times
  • The average score is 9 of 90
Answer Stats
City Population % Correct
W Windhoek 325,858
100%
W Walvis Bay 62,096
71%
S Swakopmund 44,725
57%
A Aus 1,066
43%
G Grootfontein 16,302
43%
L Lüderitz 12,537
43%
O Oshakati 36,541
43%
O Outjo 8,445
43%
K Katima Mulilo 28,362
29%
K Ketmanshoop 19,447
29%
M Mariental 12,478
29%
O Otavi 5,242
29%
R Rehoboth 28,843
29%
R Rosh Pinah 5,518
29%
R Rundu 63,431
29%
T Tsumeb 19,275
29%
U Uis 1,495
29%
G Gibeon 2,631
14%
G Gobabis 19,101
14%
G Groot Aub 2,913
14%
G Grünau 430
14%
H Henties Bay 4,720
14%
K Karasburg 4,401
14%
K Karibib 5,132
14%
K Khorixas 6,796
14%
K Koës 1,530
14%
L Leonardville 1,191
14%
M Maltahöhe 2,379
14%
N Nkurenkuru 618
14%
O Omaruru 6,300
14%
O Opuwo 7,657
14%
O Oranjemund 3,908
14%
O Otjiwarongo 28,249
14%
O Outapi 6,437
14%
A Arandis 5,170
0%
A Aranos 3,683
0%
A Ariamsvlei 622
0%
A Aroab 1,660
0%
A Aussenkehr 4,522
0%
B Berg Aukas 330
0%
B Berseba 784
0%
B Bethanie 1,748
0%
B Bukalo 600
0%
D Divundu 746
0%
E Eenhana 5,528
0%
E Ehangano 421
0%
F Fransfontein 553
0%
G Gochas 1,163
0%
H Helao Nafidi 19,375
0%
H Hoachanas 1,349
0%
K Kalkfeld 1,398
0%
K Kalkrand 1,238
0%
K Kamanjab 1,795
0%
L Linyanti 896
0%
N Noordoewer 2,026
0%
O Ogongo 483
0%
O Okahandja 22,639
0%
O Okahao 1,665
0%
O Okakarara 4,709
0%
O Okalongo 1,114
0%
O Okamatapti 255
0%
O Okandjatu 1,170
0%
O Okangwati 723
0%
O Okombahe 1,093
0%
O Okongo 2,236
0%
O Omawewozonyanda 583
0%
O Omitara-Otjivero 703
0%
O Omungwelume 769
0%
O Omuthiya 3,794
0%
O Ondangwa 22,822
0%
O Ondangwa East 4,845
0%
O Onesi 320
0%
O Ongenga 454
0%
O Ongwediva 20,260
0%
O Oshikuku 2,761
0%
O Oshivelo 1,930
0%
O Osire 5,013
0%
O Otjinene 2,102
0%
O Otjituuo 527
0%
R Rietoog 312
0%
R Ruacana 2,985
0%
S Schlip 963
0%
S Sesfontein 918
0%
S Stampriet 1,947
0%
T Tsandi 891
0%
T Tses 1,365
0%
T Tsumkwe 1,404
0%
U Usakos 3,583
0%
W Warmbad 317
0%
W Witvlei 1,768
0%
No matching quizzes found
Score Distribution
Percent of People with Each Score
Percentile by Number Answered
Your Score History
You have not taken this quiz